Cantana maram. (Record no. 81373)

MARC details
000 -LEADER
fixed length control field 00478cam a22002051 4500
001 - CONTROL NUMBER
control field sa 68006551
003 - CONTROL NUMBER IDENTIFIER
control field DLC
005 - DATE AND TIME OF LATEST TRANSACTION
control field 20260227112517.0
008 - FIXED-LENGTH DATA ELEMENTS--GENERAL INFORMATION
fixed length control field 881109s1967 xx 000 0 tamr
010 ## - LIBRARY OF CONGRESS CONTROL NUMBER
LC control number sa 68006551
035 ## - SYSTEM CONTROL NUMBER
System control number (OCoLC)34831321
040 ## - CATALOGING SOURCE
Original cataloging agency DLC
Transcribing agency MnU
Modifying agency DLC
042 ## - AUTHENTICATION CODE
Authentication code premarc
050 00 - LIBRARY OF CONGRESS CALL NUMBER
Classification number PL4758.9.K64
Item number C3
100 0# - MAIN ENTRY--PERSONAL NAME
Personal name Krishna,
Dates associated with a name 1924-
245 10 - TITLE STATEMENT
Title Cantana maram.
260 ## - PUBLICATION, DISTRIBUTION, ETC.
Place of publication, distribution, etc. [n.p.]
Date of publication, distribution, etc. [1967]
300 ## - PHYSICAL DESCRIPTION
Extent 294 p.
Dimensions 19 cm.
500 ## - GENERAL NOTE
General note Romanized.

No items available.

Powered by Koha